000 01119nam0a2200313 4500
001 RU\NLR\BIBL_A\010460940
005 20260408154140.0
010 _a978-5-4438-0726-3
_92000
021 _aRU
_b2014-48260
_92918
035 _a(NLR Aleph) 010460940
035 _a(NILC)RuMoRGB-007516424
090 _a9975878
_c9975878
100 _a20140911d2014 |||y0rusy50 ca
101 1 _arus
_cund
102 _aRU
105 _ay|||z||||00zy
200 1 _aЧерчилль шутит
_eлучший юморист британской политики
_f[пер.: Маккей Я.]
210 _aМосква
_cАлгоритм
_d2014
215 _a253, [2] с.
_d21
333 _a16+
600 1 _aЧерчилль
_bУ.
_gУинстон
_f1874 - 1965
_xАфоризмы
_3RU\NLR\AUTH\6694448
_91063032
686 1 _aТ3(4Вл)6-8я48
700 1 _8rus
_7ca
_aЧерчилль
_bУ.
_cполит. деятель
_f1874-1965
_gУинстон
_3RU\NLR\AUTH\775434
_9115398
801 0 _aRU
_bРГБ
_c20140707
_gRCR
942 _cBOOK
980 _aNB
980 _aNBR